Statistics for US States with Letter C

Click here to take the quiz!

General Stats

  • This quiz has been taken 194 times
  • The average score is 7 of 10

Answer Stats

State% Correct
California
97%
Connecticut
87%
Colorado
86%
North Carolina
82%
South Carolina
82%
Michigan
65%
Wisconsin
65%
Kentucky
61%
New Mexico
61%
Massachusetts
58%

Score Distribution

Percentile by Number Answered

Percent of People with Each Score

Your Score History

You have not taken this quiz